| 000 | 00688cab a2200253 4500 | ||
|---|---|---|---|
| 001 | ABS60320 | ||
| 008 | 090401t1999 xxu||||| |||| 00| 0 eng d | ||
| 035 | _a(Sirsi) u92108 | ||
| 041 | _aeng | ||
| 100 | _aCartlidge, D. | ||
| 245 | _aABC of E-commerce - the future for business | ||
| 260 | _c1999 | ||
| 350 | _a0 | ||
| 490 |
_aCSM _bChartered Surveyor Monthly _v8(7) March 1999, 40-41(2) |
||
| 650 | _aDIGITAL NETWORKS | ||
| 650 | _aE-COMMERCE | ||
| 650 | _aINTERNET SERVICES | ||
| 650 | _aSURVEYING SERVICES | ||
| 650 | _aWORKING PATTERNS | ||
| 690 | _aMANAGEMENT-BUSINESS MANAGEMENT-INFORMATION MANAGEMENT | ||
| 700 | _aCastle, G. | ||
| 942 | _n0 | ||
| 948 | _c16/03/1999 | ||
| 999 |
_c58397 _d58397 |
||